Random Flag to Country - Three Lives - Statistics

General Stats
  • This quiz has been taken 58 times
  • The average score is 13 of 20
Answer Stats
Picture Answer % Correct
Angola
100%
Australia
100%
Belarus
100%
Belgium
100%
Belize
100%
Bulgaria
100%
Central African Republic
100%
Chile
100%
Dominica
100%
D.R. Congo
100%
Eritrea
100%
Georgia
100%
Greece
100%
Guinea
100%
Ireland
100%
Italy
100%
Jamaica
100%
Japan
100%
Kazakhstan
100%
Kiribati
100%
Kyrgyzstan
100%
Liechtenstein
100%
Lithuania
100%
Luxembourg
100%
Mongolia
100%
Nepal
100%
Netherlands
100%
Panama
100%
Papua New Guinea
100%
Paraguay
100%
Poland
100%
San Marino
100%
Singapore
100%
Uganda
100%
United Kingdom
100%
Vatican City
100%
Iran
88%
Seychelles
88%
Armenia
86%
Barbados
86%
Malaysia
86%
Pakistan
86%
Spain
86%
Gabon
83%
Hungary
83%
Ivory Coast
83%
North Korea
83%
Norway
83%
Qatar
83%
Russia
83%
Samoa
83%
Sweden
83%
Zambia
83%
Albania
82%
Afghanistan
80%
Argentina
80%
Bangladesh
80%
Cyprus
80%
Estonia
80%
Germany
80%
Guatemala
80%
India
80%
Malawi
80%
Marshall Islands
80%
Saudi Arabia
80%
Sierra Leone
80%
Slovakia
80%
Turkmenistan
80%
United Arab Emirates
80%
United States
80%
Tuvalu
78%
Bhutan
75%
Bosnia and Herzegovina
75%
Brazil
75%
Canada
75%
China
75%
Croatia
75%
Cuba
75%
Israel
75%
Madagascar
75%
Mali
75%
Mauritania
75%
New Zealand
75%
Peru
75%
Romania
75%
Serbia
75%
Syria
75%
Lebanon
71%
Uruguay
71%
Uzbekistan
71%
Austria
67%
Azerbaijan
67%
Botswana
67%
Finland
67%
F.S. Micronesia
67%
Haiti
67%
Kenya
67%
Kosovo
67%
Maldives
67%
Mexico
67%
Morocco
67%
Philippines
67%
Slovenia
67%
Somalia
67%
Taiwan
67%
Tajikistan
67%
Tanzania
67%
Tonga
67%
Colombia
63%
Eswatini
63%
Antigua and Barbuda
60%
Bahrain
60%
Denmark
60%
East Timor
60%
Equatorial Guinea
60%
Guyana
60%
Liberia
60%
Mozambique
60%
Myanmar
60%
Palau
60%
Portugal
60%
Sri Lanka
60%
Trinidad and Tobago
60%
Cambodia
57%
Grenada
57%
Senegal
57%
South Africa
57%
Switzerland
57%
Lesotho
56%
St Lucia
56%
Benin
50%
Bolivia
50%
Burkina Faso
50%
Burundi
50%
Chad
50%
Ecuador
50%
Ethiopia
50%
France
50%
Ghana
50%
Iceland
50%
Iraq
50%
Jordan
50%
Kuwait
50%
Latvia
50%
Libya
50%
Malta
50%
Mauritius
50%
Monaco
50%
Nicaragua
50%
North Macedonia
50%
Sao Tome and Principe
50%
South Korea
50%
St Vincent and the Grenadines
50%
Sudan
50%
Suriname
50%
Thailand
50%
Togo
50%
Tunisia
50%
Turkey
50%
Vanuatu
50%
Moldova
44%
Yemen
44%
Cameroon
43%
Algeria
40%
Costa Rica
40%
Gambia
40%
Indonesia
40%
Montenegro
40%
Rwanda
40%
Venezuela
40%
Fiji
38%
Laos
38%
Niger
38%
Andorra
33%
Czechia
33%
Djibouti
33%
Egypt
33%
Honduras
33%
Oman
33%
Rep. of the Congo
33%
Vietnam
33%
St Kitts and Nevis
29%
Cape Verde
25%
Bahamas
20%
El Salvador
20%
Namibia
20%
South Sudan
20%
Zimbabwe
20%
Solomon Islands
17%
Comoros
13%
Brunei
0%
Nauru
0%
No matching quizzes found
Score Distribution
Percent of People with Each Score
Percentile by Number Answered
Your Score History
You have not taken this quiz